| 000 | 01327nam a2200385Ia 4500 | ||
|---|---|---|---|
| 999 |
_c10618 _d10618 |
||
| 001 | 00000946 | ||
| 003 | OSt | ||
| 005 | 20260402232220.0 | ||
| 008 | 110427s2003 ||||||viesd | ||
| 020 |
_a9786326272277 _c180.000đ |
||
| 040 | _cLIC | ||
| 041 | _avie | ||
| 044 | _avn | ||
| 082 |
_a639 _bB |
||
| 100 |
_aHà, Nam Thắng _eChủ biên _uHuaf |
||
| 245 | 1 | 0 |
_aGiáo trình bản đồ và phân vùng chức năng trong lĩnh vực thủy sản _cHà Nam Thắng (Chủ biên); Mạc Như Bình _bDùng cho hệ Đại học - Ngành Thú y |
| 260 |
_aHuế _bĐại học Huế _c2026 |
||
| 300 |
_a184tr. _c27cm. |
||
| 504 | _aTài liệu tham khảo tr.181-184 | ||
| 520 | _aTrình bày kiến thức về bản đồ. Hướng dẫn quy trình và phương pháp thành lập bản đồ địa lý, | ||
| 650 | _aTHỦY SẢN | ||
| 653 | _aThủy sản | ||
| 653 | _aBản đồ | ||
| 653 | _aPhân vùng | ||
| 700 |
_aMạc, Như Bình _92 |
||
| 700 | _aHồ, Thị Dung | ||
| 700 | _aLê, Minh Đức | ||
| 710 | _aTrường Đại học Nông Lâm Huế | ||
| 942 |
_cSACH _2ddc |
||